000 00574nam a2200229Ia 4500
005 20250425161945.0
008 250425s9999 xx 000 0 und d
020 _a9978046461
041 _aspa
082 _a303.48
100 _aVOS, ROB
245 0 _aECUADOR 1999 CRISIS ECONOMICA Y PROTECCION SOCIAL
250 _a1A ED.
260 _aEcuador
_bSIISE. ABYA-YALA
_c2000
260 _aS.L.
300 _a210
500 _aESTUDIOS E INFORMES DEL SIISE No. 1
650 _aPROGRAMAS SOCIALES
650 _aPROTECCION SOCIAL
942 _c01
010 _a37086
999 _c219609
_d219609